Informačné systémy podniku Materiály ku cvičeniam

Na minha lista:
Detalhes bibliográficos
Autor principal: Kobyda, František
Autor Corporativo: Vysoká škola ekonomická v Bratislave. Fakulta ekonomiky a riadenia výrobných odvetví
Outros Autores: Štrbová, Eva, Horváth, Juraj
Formato: Livro
Idioma:eslovaco
Publicado em: Bratislava VŠE 1987
Edição:1. vyd.
Tags: Adicionar Tag
Sem tags, seja o primeiro a adicionar uma tag!

MARC

LEADER 00000nam a2200000 4500
001 c037279
005 20230116104610.5
041 0 |a slo 
044 |a SK 
245 1 0 |a Informačné systémy podniku  |b Materiály ku cvičeniam  |c František Kobyda, Eva Štrbová, Juraj Horváth 
250 |a 1. vyd. 
264 1 |a Bratislava  |b VŠE  |c 1987 
300 |a 131 s. 
100 1 |a Kobyda, František 
700 1 |a Štrbová, Eva 
700 1 |a Horváth, Juraj 
710 2 |a Vysoká škola ekonomická v Bratislave. Fakulta ekonomiky a riadenia výrobných odvetví